| 000 | 00338nam a22001337a 4500 | ||
|---|---|---|---|
| 008 | 170612b xxu||||| |||| 00| 0 eng d | ||
| 020 | _a2900872893060 | ||
| 041 | _aeng | ||
| 080 | _a328 | ||
| 100 | _a19 | ||
| 101 | _aSHP | ||
| 245 |
_aUNORTHODOX LAWMAKING: NEW LEGISLATIVE PROCESSES IN THE U.S CONGRESS _cSINCLAIR, B |
||
| 942 |
_2udc _cBK |
||
| 999 |
_c16961 _d16961 |
||